Письмо Сукина - состоящего при миссии в Афинах - Шиллингу М. Ф.

Доступно только в Электронных читальных залах Найти на картеНа карте
RUSMARC
00004095nac2a22002893x 450
0018c9bccd5-d36f-4010-9747-812a8978305f
00520211214095727.0
100##$a20211122l1916 k y0rusy50 ca
1010#$arus
102##$aRU
105##$ay z |||||
1220#$ad19160417
2001#$aПисьмо Сукина - состоящего при миссии в Афинах - Шиллингу М. Ф.
$j17 апреля 1916
215##$a5 листов
251##$cДело
300##$aЗаголовок дела на папке: Письмо Сукина - состоящий при миссии в Афинах - Шиллингу М. Ф.
300##$aЛист: 1 - конверт
300##$aРукописный текст
330##$aВходит в раздел описи: 3. Документы о научной и литературной деятельности барона Шиллинга М. Ф.. Письма разных лиц Шиллингу М. Ф.
461#0$1001ff9fc58f-089b-437b-980d-902343bc59d8
$12001
$aШиллинг Маврикий Фабианович, барон, секретарь русского посольства в Вене
$1251
$cФонд
$1852
$j813
462#0$1001665c067c-d934-4316-b9df-5bf0ad49190b
$12001
$aДела постоянного хранения. 1817-1917
$vД. 417
$1251
$cОпись
$1852
$j1
5171#$aПисьмо Сукина - состоящий при миссии в Афинах - Шиллингу М. Ф.
600#1$aШиллинг
$bМ. Ф.
$cбарон
$gМаврикий Фабианович
600#1$aСукин
801#0$aRU
$bGA_RF
801#1$aRU
$bГлавНИВЦ
$c20211122
$2rusmarc
801#2$aRU
$bПБ им. Б.Н. Ельцина
$c20211214
$gRCR
$2rusmarc
852##$aГА РФ
$j417
937##$d171570054
$hГАРФ
035##$aRuPRLIB51061168
856##$uhttp://readingroom.main.prlib.ru/item.aspx?id_node=n171570054&mode=full
Формат отображения